LEADER 01400nam a2200277 i 4500 001 000000040806 003 CaOOAMICUS 005 20100715000000.0 008 100715s1994 xx u000 u ger u 013 $a11976 020 $a3-7917-1394-9 040 $aSeMil$bita 100 1 $aHämmerl, Alfons.$0(OLS)http://semarc/name/20017 245 14$aDie Welt Symbol Gottes oder eigenständige Wirklichkeit? :$bVerachtung und Hochschätzung der Welt bei Heinrich von Langenstein (+ 1397) /$cAlfons Haemmerl. 260 $aRegensburg :$bFriedrich Pustet,$c1994. 300 $a195 p. ;$c23 cm. 490 0 $aStudien zur Geschichte der katholischen Moraltheologie ;$v31 650 4$aMondo - Teologia.$0(OLS)http://semarc/subject/7670 650 4$aLangestein, Heinrich : von < - 1397>.$0(OLS)http://semarc/subject/8596 830 0$aStudien zur Geschichte der katholischen Moraltheologie ;$v31.$0(OLS)http://semarc/title/62 850 $aSeMil 852 $aSeMil$W1$xVenegono$y1$m2G II 99$j6961$B6961$CSeMilBibl$Z2$F6961 $81 961 $aAcquisto: Casa editrice 996 $6020$a3-7917-1394-9$9(OLS)http://semarc/number/11230 996 $6245$aDie Welt Symbol Gottes oder eigenständige Wirklichkeit? :$bVerachtung und Hochschätzung der Welt bei Heinrich von Langenstein (+ 1397)$9(OLS)http://semarc/title/58796 996 $6260$aRegensburg :$bFriedrich Pustet$9(OLS)http://semarc/publisher/29640 LEADER 01159nam a2200241 i 4500 001 000000065016 003 CaOOAMICUS 005 20130517000000.0 008 130517s1974 xx u000 u fre u 013 $a36188 040 $aSeMil$bita 100 1 $aLazare : de Seilhac .$0(OLS)http://semarc/name/32719 245 12$aL'utilisation par S. Césaire d'Arles de la Règle de S. Augustin :$bétude de terminologie et de Doctrine Monastiques /$cpar Soeur Lazare de Seilhac O.S.B. 260 $aRoma :$bEditrice Anselmiana,$cstampa 1974. 300 $a350 p. ;$c24 cm. 490 0 $aStudia Anselmiana ;$v62 500 $aContiene : Bibliographie. 600 04$aCesario : di Arles .$0(OLS)http://semarc/subject/11084 830 0$aStudia Anselmiana ;$v62.$0(OLS)http://semarc/title/54 850 $aSeMil 852 $aSeMil$W1$xVenegono$y1$m2M V 155$j31169$B31169$CSeMilBibl$Z2$F31172 $81 996 $6245$aL'utilisation par S. Césaire d'Arles de la Règle de S. Augustin :$bétude de terminologie et de Doctrine Monastiques$9(OLS)http://semarc/title/103123 996 $6260$aRoma :$bEditrice Anselmiana$9(OLS)http://semarc/publisher/37783